| 000 | 00635cab a2200217 4500 | ||
|---|---|---|---|
| 001 | WB2911-17 | ||
| 008 | 090401t1993 xxu||||| |||| 00| 0 eng d | ||
| 035 | _a(Sirsi) u72317 | ||
| 041 | _aeng | ||
| 245 | _aPutting the House in order | ||
| 260 | _c1993 | ||
| 350 | _a0 | ||
| 490 |
_aEvening Standard _v17 March 1993, 16(1) |
||
| 520 | _aThe Royal Opera House has published "An Essential Scheme" which aims to clarify all the benefits of redeveloping the site. | ||
| 650 | _aCOVENT GARDEN | ||
| 650 | _aLONDON | ||
| 650 | _aROYAL OPERA HOUSE | ||
| 690 | _aPROPERTY-PROPERTY DEVELOPMENT | ||
| 942 | _n0 | ||
| 948 | _c04/03/1997 | ||
| 999 |
_c45677 _d45677 |
||